Billie Eilish - BIRDS OF A FEATHER Lyrics - Statistics

General Stats
  • This quiz has been taken 719 times
  • The average score is 235 of 298
Answer Stats
Answer % Correct
I
99%
a
95%
to
95%
Birds
94%
you
94%
You
94%
feather
93%
of
93%
we
93%
should
91%
stick
91%
the
91%
together
91%
be
88%
know
88%
don't
87%
Don't
87%
I'm
87%
and
86%
And
86%
for
86%
love
86%
want
86%
in
84%
it
84%
It
84%
('Til
84%
'Til
84%
'til
84%
('til
84%
better
83%
go
83%
If
82%
if
82%
my
82%
stay
81%
think
81%
baby
80%
could
80%
day
80%
die
80%
die)
80%
forever
80%
not
80%
that
80%
what
80%
But
79%
but
79%
crying
79%
more
79%
was
79%
it's
78%
me
78%
even
77%
grave)
76%
grave
76%
never
76%
might
74%
Might
74%
weather
74%
change
73%
eyes
73%
eyes)
73%
Can't
72%
said
72%
too
71%
alone
70%
going
70%
Say
70%
say
70%
your
70%
always
69%
blue
69%
away
68%
'Cause
68%
dead
68%
please
68%
without
68%
carry
67%
casket
66%
I'd
66%
Nothing
66%
save
66%
so
66%
wasn't
66%
light
65%
lose
65%
turning
65%
left
64%
wanna
64%
buried
63%
I'll
63%
see
63%
oh
62%
would
62%
shi*
61%
you're
61%
full
59%
rot
58%
hm
56%
How
56%
leaves
56%
long
55%
look
55%
told
55%
goodbye
54%
uh
54%
Tell
53%
believe
52%
wouldn't
52%
stupid
49%
ya
49%
compliments
46%
bit
45%
throw
41%
life
39%
quit
39%
had
38%
same
36%
act
35%
another
35%
knew
35%
surprised
35%
mind's
34%
keep
31%
polluted
31%
alright
24%
No matching quizzes found
Score Distribution
Percent of People with Each Score
Percentile by Number Answered
Your Score History
You have not taken this quiz